000 05506cam a22008414i 4500
003 PE-LiUPU
005 20250731180107.0
008 150518s2015 pe a rb 001 0 spa d
020 _a9786124179198
_q(Tomo I)
020 _a9786124179174
_q(Tomo II)
035 _a(Sirsi) i9786124179198
040 _aPE-LiUPU
_bspa
_cPE-LiUPU
_erda
049 _aPRUA
082 0 4 _a512.9
_bL74
100 1 _aLoa, Gabriel,
_eautor.
245 1 0 _aMatemáticas :
_bcon aplicaciones en ciencias de la empresa /
_cGabriel Loa.
250 _aPrimera edición.
264 1 _aLima, Peru :
_bMegabyte Grupo editorial,
_c2015.
300 _a2 tomos :
_bilustraciones ;
_c25 cm.
336 _atext
_2rdacontent
337 _aunmediated
_2rdamedia
338 _avolume
_2rdacarrier
490 0 _aColección ADMEC
504 _aBibliografía (Tomo I) : página 691.
504 _aÍndice de tablas (Tomo I) : páginas 677-684.
504 _aÍndice de figuras (Tomo I) : páginas 685-690.
504 _aBibliografía (Tomo II) : página 609.
504 _aÍndice de tablas (Tomo II) : páginas 597-602.
504 _aÍndice de figuras (Tomo II) : páginas 603-608.
505 0 0 _gTomo 1.
_tNumeros Reales -- Ecuaciones -- Desigualdades -- Relaciones -- Fuciones -- Sistemas de ecuaciones -- Logica matematica -- Introduccion a la programacion lineal --
_gTomo 2.
_tMatrices, determinates y Sistemas de seguridad de ecuaciones lineales -- Límite y Continuidad de una función -- La derivada de la función -- Aplicación de la derivada -- La integral indefinida -- Tecnicas de integración -- Integral definida -- Áreas y aplicacion de la integral.
505 0 _gTomo 1.
_tMatrices -- Determinantes y sistema de Ecuación líneal -- Límite y Continuidad de unafunción -- La derivadade una función -- Aplicación de la derivada -- La Integral indefinida -- Técnicasde Integración -- La integral definida -- Areas y aplicaciones de la integral.
526 _aSEG44
526 _aSEG26
526 _aP159
526 _aP155
526 _aP154
526 _aP153
526 _aP150
526 _aP100
526 _aP31
526 _aP30
526 _aP26
526 _aP25
526 _aP24
526 _aP22
526 _aP15
526 _aP10
541 _g002-000061;
650 7 _aMatemática (Archivo de computadora).
_2embne
910 _ajche
_bjkc
_cjche
_d20150518
910 _btqv
_cjfb
_d20180301
942 _2ddc
_cBOOK
949 _a512.9 L74 1
_wDEWEY
_c1
_i71368
_lCCODEBUL1
_mBUL
_p20.65
_r0
_sY
_tBOOK
_u2015-5-18
_xFCE
_PP04
_0COMPRA
_o.STAFF. Colección General
949 _a512.9 L74 2
_wDEWEY
_c1
_i71369
_lCCODEBUL1
_mBUL
_p20.65
_r0
_sY
_tBOOK
_u2015-5-18
_xFCE
_PP04
_0COMPRA
_o.STAFF. Colección General
949 _a512.9 L74 1
_wDEWEY
_c1
_iFT03281
_lCCODEBUT1
_mBUT
_p20.61
_r0
_sY
_tBOOK
_u2016-08-12
_xFCE
_PP06
_0COMPRA
_o.STAFF. Colección Genera
949 _a512.9 L74 1
_wDEWEY
_c1
_iFT00454
_lCCODEBUT1
_mBUT
_p20.61
_r0
_sY
_tBOOK
_u2016-08-12
_xFIA
_PP06
_0COMPRA
_o.STAFF. Colección General
949 _a512.9 L74 2
_wDEWEY
_c1
_iFT02037
_lCCODEBUT1
_mBUT
_p20.61
_r0
_sY
_tBOOK
_u2016-08-12
_xFIA
_PP06
_0COMPRA
_o.STAFF. Colección General
949 _a512.9 L74 2
_wDEWEY
_c1
_iFT03282
_lCCODEBUT1
_mBUT
_p20.61
_r0
_sY
_tBOOK
_u2016-08-12
_xFIA
_PP06
_0COMPRA
_o.STAFF. Colección General
949 _a512.9 L74 T1 2015
_wDEWEY
_c1
_iFJ11077
_lCCODEBUJ1
_mBUJ
_p20.61
_r0
_sY
_tBOOK
_u2018-07-04
_xFCE
_PP08
_0COMPRA
_o.STAFF. Colección General Juliaca
949 _a512.9 L74 T2 2015
_wDEWEY
_c1
_iFJ11076
_lCCODEBUJ1
_mBUJ
_p20.61
_r0
_sY
_tBOOK
_u2018-07-04
_xFCE
_PP08
_0COMPRA
_o.STAFF. Colección General Juliaca
994 _aC0
_bPEPRU
596 _a1 2 3
999 _a512.9 L74 1
_wDEWEY
_c20091
_i71368
_d20091
_e2018-4-5
_f2021-11-5
_g6
_lCCODEBUL1
_mBUL
_n4
_p20.65
_q4
_r0
_sY
_tBOOK
_u2015-5-18
_xBIBLIOTECA
_PP04
_0COMPRA
_o.STAFF. Colección General
999 _a512.9 L74 2
_wDEWEY
_c1
_i71369
_d2018-6-14
_e2018-4-5
_f2021-11-5
_g6
_lCCODEBUL1
_mBUL
_n6
_p20.65
_q5
_r0
_sY
_tBOOK
_u2015-5-18
_xBIBLIOTECA
_PP04
_0COMPRA
_o.STAFF. Colección General
999 _a512.9 L74 1 2015
_wDEWEY
_c1
_iFT03281
_d2022-4-22
_e2022-4-19
_f2019-2-20
_g1
_lCCODEBUT1
_mBUT
_n1
_p20.61
_r0
_sN
_tBOOK
_u2017-10-11
_xINGENIERIA
_PP06
_0COMPRA
_o.STAFF. Colección General
999 _a512.9 L74 1 2015
_wDEWEY
_c2
_iFT00454
_d2017-10-20
_e2017-10-19
_f2019-2-20
_g1
_lCCODEBUT1
_mBUT
_n1
_p20.61
_r0
_sY
_tBOOK
_u2017-10-11
_xINGENIERIA
_PP06
_0COMPRA
_o.STAFF. Colección General
999 _a512.9 L74 2 2015
_wDEWEY
_c1
_iFT02037
_f2019-2-20
_g1
_lCCODEBUT1
_mBUT
_p20.61
_r0
_sY
_tBOOK
_u2017-10-11
_xINGENIERIA
_PP06
_0COMPRA
_o.STAFF. Coloección General
999 _a512.9 L74 2 2015
_wDEWEY
_c2
_iFT03282
_d2017-11-2
_e2017-10-30
_f2019-2-20
_g1
_lCCODEBUT1
_mBUT
_n1
_p20.61
_r0
_sY
_tBOOK
_u2017-10-11
_xINGENIERIA
_PP06
_0COMPRA
_o.STAFF. Colección General
999 _a512.9 L74 T2 2015
_wDEWEY
_c1
_iFJ11076
_d2019-8-22
_e2019-4-10
_f2022-1-19
_g3
_lCCODEBUJ1
_mBUJ
_n2
_p20.61
_q6
_r0
_sY
_tBOOK
_u2018-7-5
_xFCE
_PP08
_0COMPRA
_o.STAFF. Colección General Juliaca
999 _a512.9 L74 T1 2015
_wDEWEY
_c1
_iFJ11077
_d2019-8-12
_e2019-8-6
_f2022-1-19
_g3
_lCCODEBUJ1
_mBUJ
_n1
_p20.61
_q2
_r0
_sY
_tBOOK
_u2018-7-5
_xFCE
_PP08
_0COMPRA
_o.STAFF. Colección General Juliaca
980 _81
_gALBERTO SANCHEZ Responsable de Automatización